000 00423nam a22001697a 4500
005 20180703170439.0
008 160623b xxu||||| |||| 00| 0 eng d
020 _a81-259-1658-X
041 _aeng
082 _b9081
_a658.15
100 _aPandey, I.M.
_94444
245 _aFinancial Management
260 _aNew Delhi
_bVikas Publishing House (P) Ltd.
_c2008
300 _a762
650 _aManagement
_9241
942 _cBK
999 _c3646
_d3645